Electronic Devices & Circuit Theory (Record no. 23274)

000 -LEADER
fixed length control field 00276nam a22001097a 4500
008 - FIXED-LENGTH DATA ELEMENTS--GENERAL INFORMATION
fixed length control field 140716b xxu||||| |||| 00| 0 eng d
082 ## - DEWEY DECIMAL CLASSIFICATION NUMBER
Classification number 621.3815BOY
100 ## - MAIN ENTRY--PERSONAL NAME
Personal name Boylestad Robert L
245 ## - TITLE STATEMENT
Title Electronic Devices & Circuit Theory
260 ## - PUBLICATION, DISTRIBUTION, ETC.
Place of publication, distribution, etc. India
Name of publisher, distributor, etc. PEARSON
Date of publication, distribution, etc. 2004
942 ## - ADDED ENTRY ELEMENTS (KOHA)
Koha item type Book
Holdings
Withdrawn status Lost status Source of classification or shelving scheme Damaged status Not for loan Permanent Location Current Location Shelving location Date acquired Source of acquisition Cost, normal purchase price Total Checkouts Full call number Barcode Date last seen Price effective from Koha item type
          School of Interdisciplinary Engineering and Sciences (SINES) School of Interdisciplinary Engineering and Sciences (SINES) General Stacks 04/10/2013 Purchase 624.00   621.3815BOY RCMS000037 04/10/2013 04/10/2013 Book
© 2023 Central Library, National University of Sciences and Technology. All Rights Reserved.